Countries Least Similar To Pakistan - Statistics

General Stats
  • This quiz has been taken 39 times
  • The average score is 10 of 20
Answer Stats
Rank Country Score % Correct
9 Canada 41.7
89%
10 United States 42.1
89%
20 United Kingdom 44.4
83%
11 Sweden 42.2
75%
5 Norway 41.0
72%
2 Iceland 40.7
69%
5 Denmark 41.0
64%
1 Finland 40.4
61%
14 Japan 42.9
61%
3 Netherlands 40.8
47%
13 New Zealand 42.4
44%
4 South Korea 40.9
44%
15 Belgium 43.2
42%
17 Estonia 43.9
36%
11 Luxembourg 42.2
31%
7 Switzerland 41.1
31%
16 Austria 43.5
25%
8 Taiwan 41.4
25%
18 Czech Republic 44.3
14%
18 Slovenia 44.3
6%
No matching quizzes found
Score Distribution
Percent of People with Each Score
Percentile by Number Answered
Your Score History
You have not taken this quiz